5HLuxD.jpg

KING HENRY VIII SENIOR AND PRIMARY SCHOOL LIBRARY OPAC

The philosophy book / (Record no. 4319)

000 -LEADER
fixed length control field 02337cam a2200397 i 4500
001 - CONTROL NUMBER
control field 1021065495305721
003 - CONTROL NUMBER IDENTIFIER
control field OSt
005 - DATE AND TIME OF LATEST TRANSACTION
control field 20250206092307.0
008 - FIXED-LENGTH DATA ELEMENTS--GENERAL INFORMATION
fixed length control field 110225s2011 nyuac b 001 0 eng d
010 ## - LIBRARY OF CONGRESS CONTROL NUMBER
LC control number 2011280605
020 ## - INTERNATIONAL STANDARD BOOK NUMBER
International Standard Book Number 9781405353298
035 ## - SYSTEM CONTROL NUMBER
System control number (OCoLC)698365945
Canceled/invalid control number (OCoLC)505422726
-- (OCoLC)615874102
-- (OCoLC)709686823
-- (OCoLC)877926309
035 ## - SYSTEM CONTROL NUMBER
System control number (OCoLC)ocn698365945
040 ## - CATALOGING SOURCE
Original cataloging agency B2A
Language of cataloging eng
Description conventions rda
Transcribing agency DLC
Modifying agency B2A
-- UKM
-- BTCTA
-- SINLB
-- QBX
-- GO6
-- UPZ
-- YDXCP
-- VP@
-- WT2
-- BDX
-- XY4
-- AUMCS
-- OCLCF
-- DAC
-- BMS
-- CUD
-- TULIB
-- YOL
-- OCLCQ
-- FEM
-- CUS
-- OCLCQ
-- OQX
-- JQM
-- SFR
-- CHILD
-- OCLCQ
-- PX9
-- WW9
-- OCLCO
-- WIMVL
-- OMB
-- M@S
-- TCH
-- PHUST
-- UKMGB
-- T3Q
-- HZL
-- UTP
-- DAC
-- OCL
-- CEG
-- KH8
042 ## - AUTHENTICATION CODE
Authentication code nbic
049 ## - LOCAL HOLDINGS (OCLC)
Holding library CEGA
082 0# - DEWEY DECIMAL CLASSIFICATION NUMBER
Classification number 100 THE
130 ## - MAIN ENTRY--UNIFORM TITLE
Uniform title The Philosophy Book
245 04 - TITLE STATEMENT
Title The philosophy book /
Statement of responsibility, etc. [contributors, Will Buckingham [and others]]
250 ## - EDITION STATEMENT
Edition statement First American edition.
264 #1 - PRODUCTION, PUBLICATION, DISTRIBUTION, MANUFACTURE, AND COPYRIGHT NOTICE
Place of production, publication, distribution, manufacture London ;
-- New York :
Name of producer, publisher, distributor, manufacturer DK Publishing,
Date of production, publication, distribution, manufacture, or copyright notice 2011.
300 ## - PHYSICAL DESCRIPTION
Extent 352 pages :
Other physical details illustrations (chiefly color), portraits ;
Dimensions 25 cm.
336 ## - CONTENT TYPE
Content type term text
Content type code txt
Source rdacontent.
337 ## - MEDIA TYPE
Media type term unmediated
Media type code n
Source rdamedia.
338 ## - CARRIER TYPE
Carrier type term volume
Carrier type code nc
Source rdacarrier.
490 1# - SERIES STATEMENT
Series statement Big ideas simply explained.
504 ## - BIBLIOGRAPHY, ETC. NOTE
Bibliography, etc. note Includes bibliographical references and index.
520 ## - SUMMARY, ETC.
Summary, etc. How did the universe begin? What is truth? How can we live good lives? Throughout history, humankind has asked these and other big questions about the nature of life and existence - and big thinkers have offered solutions that continue to shape our world. Written in plain English, The Philosophy Book is packed with short, pithy explanations that cut through the jargon, step-by-step diagrams that untangle knotty theories, classic quotes that make philosophy memorable, and witty illustrations that play with our ideas about ideas. Whether you're a complete beginner, an avid student, or an armchair expert, you'll find plenty of food for thought in this book.--Book jacket.
546 ## - LANGUAGE NOTE
Language note In English.
650 #0 - SUBJECT ADDED ENTRY--TOPICAL TERM
Topical term or geographic name entry element Philosophy
Form subdivision Introductions.
650 #7 - SUBJECT ADDED ENTRY--TOPICAL TERM
Topical term or geographic name entry element Philosophy.
Source of heading or term fast
700 1# - ADDED ENTRY--PERSONAL NAME
Personal name Buckingham, Will,
Relator term contributors.
776 08 - ADDITIONAL PHYSICAL FORM ENTRY
Relationship information Print version:
Title Philosophy book.
Edition 1st American ed.
Place, publisher, and date of publication London ; New York : DK Pub., 2011
International Standard Book Number 0756668611
-- 1405353295
Record control number (DLC) 2011280605
-- (OCoLC)698365945.
830 #0 - SERIES ADDED ENTRY--UNIFORM TITLE
Uniform title Big ideas simply explained.
942 ## - ADDED ENTRY ELEMENTS (KOHA)
Source of classification or shelving scheme
Koha item type Books - Non Ficton
Holdings
Withdrawn status Lost status Source of classification or shelving scheme Damaged status Not for loan Collection code Permanent Location Current Location Shelving location Date acquired Full call number Barcode Date last seen Price effective from Koha item type
          Non-Fiction KH8 Senior School Library KH8 Senior School Library Non Fiction 2025-02-06 100 THE 3KHSL000102194 2025-02-06 2025-02-06 Books - Non Ficton
          Non-Fiction KH8 Senior School Library KH8 Senior School Library Non Fiction 2025-02-06 100 THE 3KHSL000102195 2025-02-06 2025-02-06 Books - Non Ficton

Powered By KH8 IT Dept